| 000 | 00550nam a22001937a 4500 | ||
|---|---|---|---|
| 005 | 20241213150940.0 | ||
| 010 | _aB-761456 | ||
| 020 |
_a9788195889563 _c450.00 |
||
| 035 | _aB-761456 | ||
| 037 | _bGift | ||
| 082 | _aS | ||
| 100 |
_aPandey, Kunal _975167 |
||
| 245 |
_aJungle Stories/ _cKunal Pandey |
||
| 260 |
_aDelhi _c202? _bGyan Geeta Prakashan |
||
| 270 |
_aF-7, Gali No, 1. Panchshil Garden _bDelhi _e110032 |
||
| 300 |
_a114p. _bcol.ill _c22cm(hb) |
||
| 942 |
_2ddc _cCH _mPAN _hS |
||
| 999 |
_c207698 _d207698 |
||